Jリーグチームのホームスタジアム - Statistics

General Stats
  • This quiz has been taken 35 times
  • The average score is 19 of 63
Answer Stats
チーム名 スタジアム名 % Correct
FC東京・東京ヴェルディ 味の素スタジアム
69%
横浜F・マリノス 日産スタジアム
65%
北海道コンサドーレ札幌 札幌ドーム
65%
鹿島アントラーズ カシマサッカースタジアム
62%
横浜F・マリノス・横浜FC ニッパツ三ツ沢球技場
54%
名古屋グランパスエイト 豊田スタジアム
54%
水戸ホーリーホック ケーズデンキスタジアム水戸
54%
ガンバ大阪 パナソニックスタジアム吹田
50%
ヴィッセル神戸 ノエビアスタジアム神戸
50%
湘南ベルマーレ レモンガススタジアム平塚
46%
ベガルタ仙台 ユアテックスタジアム仙台
46%
サガン鳥栖 駅前不動産スタジアム
46%
FC町田ゼルビア 町田GIONスタジアム
46%
ジェフユナイテッド市原・千葉 フクダ電子アリーナ
42%
ジュビロ磐田 ヤマハスタジアム
42%
セレッソ大阪 ヨドコウ桜スタジアム
38%
清水エスパルス IAIスタジアム日本平
38%
柏レイソル 三協フロンテア柏スタジアム
35%
アビスパ福岡 ベスト電器スタジアム
35%
愛媛FC ニンジニアスタジアム
35%
ロアッソ熊本 えがお健康スタジアム
35%
京都サンガFC サンガスタジアム by KYOCERA
35%
ファジアーノ岡山FC JFE晴れの国スタジアム
35%
アルビレックス新潟 デンカビッグスワンスタジアム
31%
ブラウブリッツ秋田 ソユースタジアム
31%
いわきFC ハワイアンズスタジアムいわき
31%
レノファ山口FC 維新みらいふスタジアム
31%
栃木SC カンセキスタジアムとちぎ
31%
SC相模原 相模原ギオンスタジアム
31%
松本山雅FC サンプロ アルウィン
31%
鹿児島ユナイテッドFC 白波スタジアム
31%
RB大宮アルディージャ NACK5スタジアム大宮
31%
浦和レッドダイヤモンズ 浦和駒場スタジアム
27%
名古屋グランパスエイト パロマ瑞穂スタジアム
27%
ザスパクサツ群馬 正田醤油スタジアム群馬
27%
ツエーゲン金沢 金沢ゴーゴーカレースタジアム
27%
浦和レッドダイヤモンズ 埼玉スタジアム2〇〇2
27%
AC長野パルセイロ 長野Uスタジアム
27%
カターレ富山 富山県総合運動公園陸上競技場
23%
FC今治 アシックス里山スタジアム
23%
大分トリニータ クラサスドーム大分
23%
ヴァンフォーレ甲府 JIT リサイクルインクスタジアム
23%
モンテディオ山形 NDソフトスタジアム山形
23%
カマタマーレ讃岐 Pikaraスタジアム
23%
サンフレッチェ広島F.C エディオンピースウィング広島
19%
ヴァンラーレ八戸 プライフーズスタジアム
19%
ギラヴァンツ北九州 ミクニワールドスタジアム北九州
19%
ガイナーレ鳥取 Axisバードスタジアム
19%
FC大阪 東大阪市花園ラグビー場
15%
川崎フロンターレ Uvanceとどろきスタジアム by Fujitsu
15%
北海道コンサドーレ札幌 札幌厚別公園競技場
12%
藤枝MYFC 藤枝総合運動公園サッカー場
12%
徳島ヴォルティス 鳴門・大塚スポーツパーク ポカリスエットスタジアム
12%
福島ユナイテッドFC とうほう・みんなのスタジアム
12%
奈良クラブ ロートフィールド奈良
12%
高知ユナイテッドSC 春野総合運動公園陸上競技場
12%
栃木シティフットボールクラブ CITY FOOTBALL STATION
12%
栃木SC 栃木県グリーンスタジアム
8%
アスルクラロ沼津 愛鷹広域公園多目的競技場
8%
FC岐阜 岐阜メモリアルセンター長良川競技場
8%
テゲバジャーロ宮崎 いちご宮崎新富サッカー場
8%
FC琉球OKINAWA タピック県総ひやごんスタジアム
8%
V・ファーレン長崎 PEACE STADIUM Connected by SoftBank
8%
No matching quizzes found
Score Distribution
Percent of People with Each Score
Percentile by Number Answered
Your Score History
You have not taken this quiz